000 00744nam a2200205 a 4500
001 000022838
005 20200930021828.0
008 101119s1981 mx 000 0 spa d
020 _a9682309735
040 _aDO-SdBNP
_bspa
_cBNPHU
082 _ann*
_bnn*
245 0 0 _aCorrespondencia 1868-1895 Karl Marx, Nikolái F. Danielsón, Frierich Engels /
_cRecopilación, presentación y notas José Aricó.
260 _aMéxico, D. F. :
_bSiglo Veintiuno,
_c1981.
300 _a397 p. ;
_c21 cm.
490 1 _aBiblioteca del Pensamiento Socialista. Los Clásicos
504 _aBibliografía : xxx-xxxvii p.
700 1 _aAricó, José,
_ecomp.
_946936
830 0 _aBiblioteca del Pensamiento Socialista.
_pLos Clásicos
_946937
049 _aBNGR
999 _c22335
_d22335